000 00610 a2200193 4500
999 _c182828
_d182828
005 20211207141217.0
010 _aENG-130222
020 _c600.00
_a978-81-947388-4-8
035 _aEN-113754
037 _bDBAD / PUB
082 _a608
100 _aMohanasundaram, K.
245 _aDEVELOPING THE LIFE SKILLS IN DIGITAL ERA:
_cEditor K. Mohanasundaram
250 _a2020
260 _aGujarat
_bKrishna Publication House
_c2020
270 _bGujarat
_e364002
_a303, YaskKunj, Apartment, Devbaug, Anantwadi, Bhavnagar
300 _a113p.
_c20cm (pbk)
942 _adpl
_cEN
_2ddc
_h608
_mMOH